Public administration : (Record no. 349008)

000 -LEADER
fixed length control field 01496cam a2200337 a 4500
001 - CONTROL NUMBER
control field 15224735
003 - CONTROL NUMBER IDENTIFIER
control field Nust
005 - DATE AND TIME OF LATEST TRANSACTION
control field 20180117090026.0
008 - FIXED-LENGTH DATA ELEMENTS--GENERAL INFORMATION
fixed length control field 080319s2009 caua b 001 0 eng
010 ## - LIBRARY OF CONGRESS CONTROL NUMBER
LC control number 2008272032
020 ## - INTERNATIONAL STANDARD BOOK NUMBER
International Standard Book Number 9780495502821
020 ## - INTERNATIONAL STANDARD BOOK NUMBER
International Standard Book Number 0495502820
040 ## - CATALOGING SOURCE
Original cataloging agency DLC
Transcribing agency DLC
Modifying agency DLC
050 00 - LIBRARY OF CONGRESS CALL NUMBER
Classification number JF1351
Item number .D45 2009
082 ## - DEWEY DECIMAL CLASSIFICATION NUMBER
Classification number 351
100 1# - MAIN ENTRY--PERSONAL NAME
Personal name Denhardt, Robert B.
245 10 - TITLE STATEMENT
Title Public administration :
Remainder of title an action orientation /
Statement of responsibility, etc. Robert B. Denhardt, Janet V. Denhardt.
250 ## - EDITION STATEMENT
Edition statement 6th ed.
260 ## - PUBLICATION, DISTRIBUTION, ETC.
Place of publication, distribution, etc. Belmont, CA :
Name of publisher, distributor, etc. Thomson/Wadsworth,
Date of publication, distribution, etc. c2009.
300 ## - PHYSICAL DESCRIPTION
Extent 487 p. :
Other physical details ill. ;
Dimensions 25 cm.
650 #0 - SUBJECT ADDED ENTRY--TOPICAL TERM
Topical term or geographic name entry element Public administration
Form subdivision Textbooks.
700 1# - ADDED ENTRY--PERSONAL NAME
Personal name Denhardt, Janet Vinzant.
856 42 - ELECTRONIC LOCATION AND ACCESS
Materials specified Contributor biographical information
Uniform Resource Identifier <a href="http://www.loc.gov/catdir/enhancements/fy1302/2008272032-b.html">http://www.loc.gov/catdir/enhancements/fy1302/2008272032-b.html</a>
856 42 - ELECTRONIC LOCATION AND ACCESS
Materials specified Publisher description
Uniform Resource Identifier <a href="http://www.loc.gov/catdir/enhancements/fy1302/2008272032-d.html">http://www.loc.gov/catdir/enhancements/fy1302/2008272032-d.html</a>
856 41 - ELECTRONIC LOCATION AND ACCESS
Materials specified Table of contents only
Uniform Resource Identifier <a href="http://www.loc.gov/catdir/enhancements/fy1302/2008272032-t.html">http://www.loc.gov/catdir/enhancements/fy1302/2008272032-t.html</a>
906 ## - LOCAL DATA ELEMENT F, LDF (RLIN)
a 7
b cbc
c origcop
d 3
e ncip
f 20
g y-gencatlg
942 ## - ADDED ENTRY ELEMENTS (KOHA)
Source of classification or shelving scheme
Koha item type Book
Holdings
Withdrawn status Lost status Source of classification or shelving scheme Materials specified (bound volume or other part) Damaged status Not for loan Permanent Location Current Location Shelving location Date acquired Total Checkouts Total Renewals Full call number Barcode Date last seen Date last checked out Price effective from Koha item type Public note
      CSS Corner Book     Central Library (CL) Central Library (CL) Central Superior Services 08/28/2013 11 8 351 DEN NBS8831 06/22/2025 10/30/2024 08/28/2013 CSS Corner CSS Corner Book
© 2023 Central Library, National University of Sciences and Technology. All Rights Reserved.